00683cam a2200217 a 45000010008000000030004000080050017000120080041000290100017000700200018000870400018001050500025001230820022001481000019001702450083001892600046002723000034003185040064003526500025004167000024004411636528OSt20230822123059.0960828s1997 maua b 001 0 eng  a 96041134  a9788177583168 aDLCcDLCdDLC00aHF5548.32b.K35 199700a658.800285bKAL/E aKalakota, Ravi10aElectronic commerce :ba manager's guide /cRavi Kalakota, Andrew B. Whinston. aReading, Mass. :bAddison-Wesley,cc1997. axiv, 431 p. :bill. ;c24 cm. aIncludes bibliographical references (p. 415-417) and index. 0aElectronic commerce.1 aWhinston, Andrew B.